Turkish football players who played in the Liga Portugal. - Statistics

General Stats
  • This quiz has been taken 21 times
  • The average score is 4 of 10
Answer Stats
Team(s) Answer % Correct
Benfica Orkun Kökçü
94%
Benfica Kerem Aktürkoğlu
89%
Rio Ave Ege Tıknaz
50%
Braga Serdar Saatçi
44%
Porto Deniz Gül
39%
Arouca Güven Yalçın
17%
Porto - CD Nacional - Arouca Sinan Bolat
17%
SC Beira-Mar Atila Turan
11%
Vitoria Setubal Emrah Başsan
11%
Porto - Coimbra Fatih Sonkaya
11%
No matching quizzes found
Score Distribution
Percent of People with Each Score
Percentile by Number Answered
Your Score History
You have not taken this quiz